00812 2200301 4500001002100000005001500021035002000036007000300056040001700059100002700076245005400103250001200157300003500169504002400204041000800228082001000236084001600246090002100262264004100283336002100324337003000345338002300375650001700398850001000415008004100425990002200466990002200488INLIS00000000000634020260418105230 a0010-0322000584ta aSBPUPADbind0 aEdi WarsidiePengarang1 aAyo, Siaga Menghadapi Bencana Alam /cEdi Warsidi a.-cet.1 aiv, 58 hal. :billus. ;c24 cm abibliografi, hlm 580 aind a363.3 a363.3 WAR a a363.3 WAR a 13-2 a.--Bandung :bCV. Putra Setia,c2009 2rdacontentaTeks 2rdamediaaTanpa Perantara 2rdacarrieravolume 4aBencana Alam aPUPAD260418 0  a698/S/KAPD-PDG/12 a696/S/KAPD-PDG/12